• 首页
  • 本馆介绍
  • 公告通知
  • 最新文献
  • 馆藏检索
  • 电子资源
  • 读者导购
  • 参考咨询
  • 我的图书馆
  • 登录
  • 详细信息显示
  • 放入我的书架
  • 预约/预借图书
  • 作者相关作品
  • 分类相关作品
  • 丛书相关作品
  • 出版社相关作品

书目信息

  • 表格格式
  • 工作单格式
  • 卡片格式
题名:
中国注册会计师执业准则重点难点解析与应用分析
    
 
作者: 王生根 编著
分册:  
出版信息: 大连   东北财经大学出版社  2020.4
页数: 647页
开本: 26cm
丛书名:
单 册:
中图分类: F233.2
科图分类:
主题词: 注册会计师--zhu ce hui ji shi--会计准则--中国--自学参考资料
电子资源:
ISBN: 978-7-5654-3772-4
000 01122nam0 2200253 450
001 2131736278
005 20211003090616.67
010    @a978-7-5654-3772-4@dCNY89.00
100    @a20200620d2020 em y0chiy0120 ea
101 0  @achi
102    @aCN@b210000
105    @aa z 000yy
106    @ar
200 1  @a中国注册会计师执业准则重点难点解析与应用分析@Azhong guo zhu ce hui ji shi zhi ye zhun ze chong dian nan dian jie xi yu ying yong fen xi@dFocus and application analysis of the China CAP practice standards@f王生根编著@zeng
205    @a2版
210    @a大连@c东北财经大学出版社@d2020.4
215    @a647页@c图@d26cm
330    @a本书分执业准则体系、鉴证业务准则、相关服务准则、质量控制准则四篇,具体内容包括:中国注册会计师执业准则体系、中国注册会计师鉴证业务基本准则、审计准则——一般原则与责任等。
510 1  @aFocus and application analysis of the china CAP practice standards@zeng
606 0  @a注册会计师@Azhu ce hui ji shi@x会计准则@y中国@j自学参考资料
690    @aF233.2@v5
701  0 @a王生根@Awang sheng gen@f(1964~)@4编著
801  0 @aCN@b百万庄@c20210929
905    @b1303410-13@dF233.2@e711=2@f4
    
    中国注册会计师执业准则重点难点解析与应用分析=Focus and application analysis of the China CAP practice standards/王生根编著.-2版.-大连:东北财经大学出版社,2020.4
    647页:图;26cm
    
    
    ISBN 978-7-5654-3772-4:CNY89.00
    本书分执业准则体系、鉴证业务准则、相关服务准则、质量控制准则四篇,具体内容包括:中国注册会计师执业准则体系、中国注册会计师鉴证业务基本准则、审计准则——一般原则与责任等。
●
相关链接 在E读中查询图书 在五车中查询图书 在当当中查询图书 在豆瓣中查询图书


正题名:中国注册会计师执业准则重点难点解析与应用分析     索取号:F233.2/711=2         预约/预借

序号 登录号 条形码 馆藏地/架位号 状态 备注
1 1303410   213034107   第一样本阅览室/ [索取号:F233.2/711=2] 在馆    
2 1303411   213034116   第一借阅区/ [索取号:F233.2/711=2] 在馆    
3 1303412   213034125   第一借阅区/ [索取号:F233.2/711=2] 在馆    
4 1303413   213034134   第一借阅区/ [索取号:F233.2/711=2] 在馆    
唐山师范学院图书馆 欢迎您!
大连网信软件有限公司© 版权所有